00711nam a2200181 a 4500003000200000005001700002008004100019050003500060100002500095245008200120260009300202300004100295504004100336650004500377650002900422650003400451650004400485020250220122600.0111114s19uu xx 00 eng d aPGS BF 723.S3.P37b.M363 2011  aMartin, Alexandra C. aParenting style and self esteem of grade 6/7 students /cAlexandra C. Martin. aLas Piñas City, Philippines : bSouthville International School and Colleges, c2011. a25 pages :billustrations ; c28 cm. aIncludes bibliographical references. aParenting stylesvPsychological aspects. aSelf-esteem in children. aParent and childvPsychology. aChild developmentvParental influences.